|
|
|
|
| LEADER |
00000naa2a2200000 4500 |
| 001 |
632194 |
| 005 |
20251226071628.0 |
| 035 |
|
|
|a (RuTPU)RU\TPU\conf\33895
|
| 035 |
|
|
|a RU\TPU\conf\33894
|
| 090 |
|
|
|a 632194
|
| 100 |
|
|
|a 20201020d2020 k y0rusy50 ca
|
| 101 |
0 |
|
|a rus
|
| 102 |
|
|
|a RU
|
| 105 |
|
|
|a y z 101zy
|
| 135 |
|
|
|a drcn ---uucaa
|
| 181 |
|
0 |
|a i
|
| 182 |
|
0 |
|a b
|
| 200 |
1 |
|
|a Оптимизация параметров нейтронных полей реактора ИРТ-Т для создания комплекса по исследованию влияния быстрых нейтронов на электронные компоненты
|f Е. А. Бондаренко, В. А. Варлачёв, Е. Г. Емец
|
| 203 |
|
|
|a Текст
|c электронный
|
| 225 |
1 |
|
|a Ядерные установки технологии и безопасность
|
| 300 |
|
|
|a Заглавие с экрана
|
| 320 |
|
|
|a [Библиогр.: с. 19 (1 назв.)]
|
| 463 |
|
0 |
|0 (RuTPU)RU\TPU\conf\33535
|t Физико-технические проблемы в науке, промышленности и медицине. Российский и международный опыт подготовки кадров
|o сборник тезисов докладов X Международной научно-практической конференции, г. Томск, 09 – 11 сентября 2020 г.
|f Национальный исследовательский Томский политехнический университет, Инженерная школа ядерных технологий ; Российский фонд фундаментальных исследований ; ред. кол. И. В. Шаманин, В. П. Кривобоков, А. Г. Горюнов, В. А. Карелин
|v [С. 19]
|d 2020
|
| 610 |
1 |
|
|a труды учёных ТПУ
|
| 610 |
1 |
|
|a электронный ресурс
|
| 610 |
1 |
|
|a оптимизация параметров
|
| 610 |
1 |
|
|a нейтронные поля
|
| 610 |
1 |
|
|a реакторы
|
| 610 |
1 |
|
|a ИРТ-Т
|
| 610 |
1 |
|
|a быстрые нейтроны
|
| 610 |
1 |
|
|a электронные компоненты
|
| 610 |
1 |
|
|a радиационная стойкость
|
| 610 |
1 |
|
|a электронные приборы
|
| 700 |
|
1 |
|a Бондаренко
|b Е. А.
|c специалист в области ядерных технологий
|c инженер Томского политехнического университета
|f 1992-
|g Евгений Анатольевич
|3 (RuTPU)RU\TPU\pers\46633
|
| 701 |
|
1 |
|a Варлачев (Варлачёв)
|b В. А.
|c физик, специалист в области ядерных технологий
|c профессор-консультант Томского политехнического университета, доктор технических наук
|f 1948-
|g Валерий Александрович
|y Томск
|3 (RuTPU)RU\TPU\pers\28135
|9 13093
|
| 701 |
|
1 |
|a Емец
|b Е. Г.
|c физик, специалист в области ядерных технологий
|c инженер-проектировщик Томского политехнического университета
|f 1984-
|g Евгений Геннадьевич
|3 (RuTPU)RU\TPU\pers\28137
|
| 712 |
0 |
2 |
|a Национальный исследовательский Томский политехнический университет
|b Инженерная школа ядерных технологий
|b Отделение ядерно-топливного цикла
|3 (RuTPU)RU\TPU\col\23554
|
| 712 |
0 |
2 |
|a Национальный исследовательский Томский политехнический университет
|b Физико-технический институт
|b Лаборатория № 33 ядерного реактора
|3 (RuTPU)RU\TPU\col\19896
|
| 801 |
|
2 |
|a RU
|b 63413507
|c 20201126
|g RCR
|
| 856 |
4 |
|
|u http://earchive.tpu.ru/handle/11683/63768
|
| 942 |
|
|
|c BK
|